Introductory economics (micro and macro) : (Record no. 9207)

MARC details
000 -LEADER
fixed length control field 00519cam a2200193ua 4500
008 - FIXED-LENGTH DATA ELEMENTS--GENERAL INFORMATION
fixed length control field 171011n ii |||gr||||Z||||||asm
020 ## - INTERNATIONAL STANDARD BOOK NUMBER
International Standard Book Number 8176800538
040 ## - CATALOGING SOURCE
Transcribing agency MAIN
041 ## - LANGUAGE CODE
-- asm
082 ## - DEWEY DECIMAL CLASSIFICATION NUMBER
Classification number 330
100 ## - MAIN ENTRY--PERSONAL NAME
Personal name Goel, J.P.,
Relator term
245 ## - TITLE STATEMENT
Title Introductory economics (micro and macro) :
Remainder of title class XII (A) /
Statement of responsibility, etc. By J.P. Goel and H. Goswami .
260 ## - PUBLICATION, DISTRIBUTION, ETC.
Place of publication, distribution, etc. Dibrugarh:
Name of publisher, distributor, etc. Tushar publishing,
Date of publication, distribution, etc. 2016.
300 ## - PHYSICAL DESCRIPTION
Extent 550+4 p.
700 ## - ADDED ENTRY--PERSONAL NAME
Personal name Goswami, H.,
Relator term
942 ## - ADDED ENTRY ELEMENTS (KOHA)
Koha item type Books
653 ## - INDEX TERM--UNCONTROLLED
Uncontrolled term Economics
Holdings
Withdrawn status Lost status Damaged status Not for loan Home library Current library Shelving location Date acquired Total Checkouts Full call number Barcode Date last seen Date last checked out Copy number Price effective from Koha item type
        Central Library, Naharkatiya College Central Library, Naharkatiya College General Stacks 19/09/2020 54 330 | GOE 23937 02/05/2026 17/04/2026 3 19/09/2020 Books
        Central Library, Naharkatiya College Central Library, Naharkatiya College General Stacks 19/09/2020 20 330 | GOE 23938 27/08/2022 16/08/2022 2 19/09/2020 Books
        Central Library, Naharkatiya College Central Library, Naharkatiya College General Stacks 19/09/2020 30 330 | GOE 23939 19/03/2025 05/03/2025 1 19/09/2020 Books

Naharkatiya College © 2020. All rights reserved.

Powered By